Automotive engines /

This book provides readers knowledge about automotive engines.

Tallennettuna:
Bibliografiset tiedot
Päätekijä: Crouse, William H.
Muut tekijät: Anglin, Donald L.
Aineistotyyppi: Kirja
Kieli:English
Julkaistu: New York : Glencoe/McGraw-Hill, 1995.
Painos:8th edition.
Aiheet:
Tagit: Lisää tagi
Ei tageja, Lisää ensimmäinen tagi!
Thư viện lưu trữ: Mạng thư viện Đại học Đà Nẵng
LEADER 00978cam a2200349 i 4500
001 000047553
003 7240
005 20030312142655.0
008 010324|1995 vm 000 eng
020 |a 002801099X 
040 |a IRC  |c IRC  |d IRC 
041 0 |a eng 
082 1 4 |a 629.25  |b CR-W 
100 1 |a Crouse, William H. 
245 0 0 |a Automotive engines /  |c William H. Crouse and Donald L. Anglin. 
250 |a 8th edition. 
260 |a New York :  |b Glencoe/McGraw-Hill,  |c 1995. 
300 |a vi, 426 p. :  |b ill. ;  |c 27.5cm. 
520 3 |a This book provides readers knowledge about automotive engines. 
630 0 4 |a Automotive engines. 
650 0 4 |a Automobiles  |x Motors  |x Design and construction. 
700 1 |a Anglin, Donald L. 
OWN |a DUT 
999 |a From the UDN01 
TYP |a Monograph 
TYP |a Printed language 
980 |a Mạng thư viện Đại học Đà Nẵng